<?xml version="1.0" encoding="UTF-8"?>
<record
    xmlns:xsi="http://www.w3.org/2001/XMLSchema-instance"
    xsi:schemaLocation="http://www.loc.gov/MARC21/slim http://www.loc.gov/standards/marcxml/schema/MARC21slim.xsd"
    xmlns="http://www.loc.gov/MARC21/slim">

  <leader>00556nam a22001337a 4500</leader>
  <datafield tag="040" ind1=" " ind2=" ">
    <subfield code="c">RUA</subfield>
  </datafield>
  <datafield tag="082" ind1=" " ind2=" ">
    <subfield code="a">AGI TY 2015 B494 Or.1</subfield>
  </datafield>
  <datafield tag="100" ind1=" " ind2=" ">
    <subfield code="a">TY SOVITHOU; &#x1791;&#x17B8; &#x179F;&#x17BB;&#x179C;&#x17B7;&#x1791;&#x17BC;&#x179A;&#x17D2;&#x1799;</subfield>
  </datafield>
  <datafield tag="245" ind1=" " ind2=" ">
    <subfield code="a">Ethanol production by simuitaeous scarification fermentation, &#x1780;&#x17B6;&#x179A;&#x1795;&#x179B;&#x17B7;&#x178F;&#x17A2;&#x17C1;&#x178F;&#x17B6;&#x178E;&#x17BB;&#x179B;&#x178A;&#x17C4;&#x1799;&#x1780;&#x17B6;&#x179A;&#x1794;&#x17C6;&#x1794;&#x17C2;&#x1780;&#x1782;&#x17D2;&#x179B;&#x17BB;&#x1799;&#x1780;&#x17BC;&#x179F; &#x1793;&#x17B7;&#x1784;&#x1780;&#x17B6;&#x179A;&#x1794;&#x1793;&#x17D2;&#x1791;&#x17BB;&#x17C6;&#x1780;&#x17D2;&#x1793;&#x17BB;&#x1784;&#x1796;&#x17C1;&#x179B;&#x178F;&#x17C2;&#x1798;&#x17BD;&#x1799;</subfield>
  </datafield>
  <datafield tag="260" ind1=" " ind2=" ">
    <subfield code="a">Phnom Penh</subfield>
    <subfield code="b">ill.</subfield>
    <subfield code="c">29cm.</subfield>
  </datafield>
  <datafield tag="300" ind1=" " ind2=" ">
    <subfield code="a">viii.30p.</subfield>
    <subfield code="b">ill.</subfield>
    <subfield code="c">29cm.</subfield>
  </datafield>
  <datafield tag="856" ind1=" " ind2=" ">
    <subfield code="u">TY SOVITHOU</subfield>
  </datafield>
  <datafield tag="942" ind1=" " ind2=" ">
    <subfield code="c">AGI</subfield>
  </datafield>
  <datafield tag="999" ind1=" " ind2=" ">
    <subfield code="c">8341</subfield>
    <subfield code="d">8341</subfield>
  </datafield>
  <datafield tag="952" ind1=" " ind2=" ">
    <subfield code="0">0</subfield>
    <subfield code="1">0</subfield>
    <subfield code="2">ddc</subfield>
    <subfield code="4">0</subfield>
    <subfield code="6">AGI_TY_2015_000000000000000_B494_OR_1</subfield>
    <subfield code="7">0</subfield>
    <subfield code="9">48018</subfield>
    <subfield code="a">LBB</subfield>
    <subfield code="b">LBB</subfield>
    <subfield code="c">B494</subfield>
    <subfield code="d">2016-07-05</subfield>
    <subfield code="l">1</subfield>
    <subfield code="o">AGI TY 2015 B494 Or.1</subfield>
    <subfield code="p">RUA059681</subfield>
    <subfield code="r">2022-10-28</subfield>
    <subfield code="s">2022-10-14</subfield>
    <subfield code="w">2016-07-05</subfield>
    <subfield code="y">AGI</subfield>
  </datafield>
  <datafield tag="952" ind1=" " ind2=" ">
    <subfield code="0">0</subfield>
    <subfield code="1">0</subfield>
    <subfield code="2">ddc</subfield>
    <subfield code="4">0</subfield>
    <subfield code="6">AGI_TY_2015_000000000000000_B494_OR_2</subfield>
    <subfield code="7">0</subfield>
    <subfield code="9">48019</subfield>
    <subfield code="a">LBB</subfield>
    <subfield code="b">LBB</subfield>
    <subfield code="c">B494</subfield>
    <subfield code="d">2016-07-05</subfield>
    <subfield code="o">AGI TY 2015 B494 Or.2</subfield>
    <subfield code="p">RUA059561</subfield>
    <subfield code="r">2016-07-05</subfield>
    <subfield code="w">2016-07-05</subfield>
    <subfield code="y">AGI</subfield>
  </datafield>
  <datafield tag="952" ind1=" " ind2=" ">
    <subfield code="0">0</subfield>
    <subfield code="1">0</subfield>
    <subfield code="2">ddc</subfield>
    <subfield code="4">0</subfield>
    <subfield code="6">AGI_TY_2015_000000000000000_B494_OR_3</subfield>
    <subfield code="7">0</subfield>
    <subfield code="9">48020</subfield>
    <subfield code="a">LBB</subfield>
    <subfield code="b">LBB</subfield>
    <subfield code="c">B494</subfield>
    <subfield code="d">2016-07-05</subfield>
    <subfield code="l">3</subfield>
    <subfield code="m">2</subfield>
    <subfield code="o">AGI TY 2015 B494 Or.3</subfield>
    <subfield code="p">RUA059325</subfield>
    <subfield code="r">2021-01-12</subfield>
    <subfield code="s">2020-12-28</subfield>
    <subfield code="w">2016-07-05</subfield>
    <subfield code="y">AGI</subfield>
  </datafield>
  <datafield tag="952" ind1=" " ind2=" ">
    <subfield code="0">0</subfield>
    <subfield code="1">0</subfield>
    <subfield code="2">ddc</subfield>
    <subfield code="4">0</subfield>
    <subfield code="6">AGI_TY_2015_000000000000000_B494_OR_4</subfield>
    <subfield code="7">0</subfield>
    <subfield code="9">48021</subfield>
    <subfield code="a">LBB</subfield>
    <subfield code="b">LBB</subfield>
    <subfield code="c">B494</subfield>
    <subfield code="d">2016-07-05</subfield>
    <subfield code="o">AGI TY 2015 B494 Or.4</subfield>
    <subfield code="p">RUA059441</subfield>
    <subfield code="r">2016-07-05</subfield>
    <subfield code="w">2016-07-05</subfield>
    <subfield code="y">AGI</subfield>
  </datafield>
  <datafield tag="952" ind1=" " ind2=" ">
    <subfield code="0">0</subfield>
    <subfield code="1">0</subfield>
    <subfield code="2">ddc</subfield>
    <subfield code="4">0</subfield>
    <subfield code="6">AGI_TY_2015_000000000000000_B494_OR_5</subfield>
    <subfield code="7">0</subfield>
    <subfield code="9">48022</subfield>
    <subfield code="a">LBB</subfield>
    <subfield code="b">LBB</subfield>
    <subfield code="c">B494</subfield>
    <subfield code="d">2016-07-05</subfield>
    <subfield code="o">AGI TY 2015 B494 Or.5</subfield>
    <subfield code="p">RUA059321</subfield>
    <subfield code="r">2016-07-05</subfield>
    <subfield code="w">2016-07-05</subfield>
    <subfield code="y">AGI</subfield>
  </datafield>
  <datafield tag="952" ind1=" " ind2=" ">
    <subfield code="0">0</subfield>
    <subfield code="1">0</subfield>
    <subfield code="2">ddc</subfield>
    <subfield code="4">0</subfield>
    <subfield code="6">AGI_TY_2015_000000000000000_B494_OR_6</subfield>
    <subfield code="7">0</subfield>
    <subfield code="9">48023</subfield>
    <subfield code="a">LBB</subfield>
    <subfield code="b">LBB</subfield>
    <subfield code="c">B494</subfield>
    <subfield code="d">2016-07-05</subfield>
    <subfield code="o">AGI TY 2015 B494 Or.6</subfield>
    <subfield code="p">RUA059158</subfield>
    <subfield code="r">2016-07-05</subfield>
    <subfield code="w">2016-07-05</subfield>
    <subfield code="y">AGI</subfield>
  </datafield>
  <datafield tag="952" ind1=" " ind2=" ">
    <subfield code="0">0</subfield>
    <subfield code="1">0</subfield>
    <subfield code="2">ddc</subfield>
    <subfield code="4">0</subfield>
    <subfield code="6">AGI_TY_2015_000000000000000_B494_OR_7</subfield>
    <subfield code="7">0</subfield>
    <subfield code="9">48024</subfield>
    <subfield code="a">LBB</subfield>
    <subfield code="b">LBB</subfield>
    <subfield code="c">B494</subfield>
    <subfield code="d">2016-07-05</subfield>
    <subfield code="l">1</subfield>
    <subfield code="o">AGI TY 2015 B494 Or.7</subfield>
    <subfield code="p">RUA059726</subfield>
    <subfield code="r">2016-11-23</subfield>
    <subfield code="s">2016-11-08</subfield>
    <subfield code="w">2016-07-05</subfield>
    <subfield code="y">AGI</subfield>
  </datafield>
  <datafield tag="952" ind1=" " ind2=" ">
    <subfield code="0">0</subfield>
    <subfield code="1">0</subfield>
    <subfield code="2">ddc</subfield>
    <subfield code="4">0</subfield>
    <subfield code="6">AGI_TY_2015_000000000000000_B494_OR_8</subfield>
    <subfield code="7">0</subfield>
    <subfield code="9">48025</subfield>
    <subfield code="a">LBB</subfield>
    <subfield code="b">LBB</subfield>
    <subfield code="c">B494</subfield>
    <subfield code="d">2016-07-05</subfield>
    <subfield code="o">AGI TY 2015 B494 Or.8</subfield>
    <subfield code="p">RUA059206</subfield>
    <subfield code="r">2016-07-05</subfield>
    <subfield code="w">2016-07-05</subfield>
    <subfield code="y">AGI</subfield>
  </datafield>
</record>
